[Event "TOP 16 Higher pool"]
[Site "BELFORT"]
[Date "????.??.??"]
[Round "8.24"]
[White "Terrieux, Kevin"]
[Black "Milliet, Sophie"]
[Result "1/2-1/2"]
[WhiteElo "2389"]
[BlackElo "2364"]
[PlyCount "22"]
[EventDate "2025.05.??"]
[WhiteTeam "MULHOUSE"]
[BlackTeam "GRASSE"]
[WhiteTeamCountry "FRA"]
[BlackTeamCountry "FRA"]

1. d4 d5 2. c4 c6 3. cxd5 cxd5 4. Nf3 Nf6 5. Nc3 Nc6 6. Bf4 Bf5 7. e3 e6 8. Bd3
Bxd3 9. Qxd3 Bd6 10. Bxd6 Qxd6 11. O-O Qd8 1/2-1/2

[Event "TOP 16 Higher pool"]
[Site "BELFORT"]
[Date "????.??.??"]
[Round "8.25"]
[White "Sankalp Gupta"]
[Black "Fressinet, Laurent"]
[Result "1/2-1/2"]
[WhiteElo "2559"]
[BlackElo "2593"]
[PlyCount "138"]
[EventDate "2025.05.??"]
[WhiteTeam "MARSEILLE"]
[BlackTeam "CHARTRES"]
[WhiteTeamCountry "FRA"]
[BlackTeamCountry "FRA"]

1. e4 e5 2. Nf3 Nc6 3. Bb5 Nf6 4. d3 Bc5 5. Bxc6 dxc6 6. O-O Bd6 7. Bg5 h6 8.
Bh4 g5 9. Bg3 Be6 10. Qd2 Nd7 11. d4 f6 12. Qa5 c5 13. dxe5 fxe5 14. Na3 a6 15.
Rad1 b6 16. Qc3 Qf6 17. Nc4 Bxc4 18. Qxc4 Qf7 19. Qc3 O-O 20. a4 Rae8 21. Nd2
b5 22. Qa5 Rb8 23. Qxa6 Rb6 24. Qa5 bxa4 25. Qxa4 Rxb2 26. Nc4 Rb4 27. Nxd6
cxd6 28. Qc6 Rb6 29. Qc7 Qe6 30. Bxe5 Qxe5 31. Qxd7 Qxe4 32. Rxd6 Rxd6 33. Qxd6
Qxc2 34. Qxh6 Qf5 35. h4 g4 36. Qe3 Rb8 37. Kh2 c4 38. Rc1 Rc8 39. Qd4 c3 40.
Kg3 c2 41. Qxg4+ Qxg4+ 42. Kxg4 Kg7 43. Kf3 Kg6 44. Ke3 Kh5 45. g3 Kg4 46. Kd3
Rd8+ 47. Kxc2 Kf3 48. Rd1 Rc8+ 49. Kb3 Rb8+ 50. Kc3 Rc8+ 51. Kb4 Rb8+ 52. Kc5
Rc8+ 53. Kb5 Kxf2 54. Rd3 Rh8 55. Kc5 Kg2 56. Kd5 Kh3 57. Ke6 Kg4 58. Kf7 Rh6
59. Re3 Ra6 60. Re6 Ra7+ 61. Kg6 Ra5 62. Re4+ Kf3 63. Re6 Kg4 64. Re3 Ra6+ 65.
Kg7 Ra5 66. Kf6 Rb5 67. Re5 Rb6+ 68. Re6 Rb5 69. Kg6 Ra5 1/2-1/2

[Event "TOP 16 Higher pool"]
[Site "BELFORT"]
[Date "????.??.??"]
[Round "8.26"]
[White "Ivanchuk, Vasyl"]
[Black "Suleymanli, Aydin"]
[Result "1/2-1/2"]
[WhiteElo "2644"]
[BlackElo "2617"]
[PlyCount "45"]
[EventDate "2025.05.??"]
[WhiteTeam "CHARTRES"]
[BlackTeam "MARSEILLE"]
[WhiteTeamCountry "FRA"]
[BlackTeamCountry "FRA"]

1. d4 Nf6 2. c4 e6 3. Nc3 Bb4 4. Nf3 O-O 5. Qc2 d5 6. Bg5 b6 7. e3 h6 8. Bh4
Bb7 9. cxd5 exd5 10. Bd3 Be7 11. O-O c5 12. Rad1 c4 13. Bf5 Na6 14. b3 Nb4 15.
Qb1 Ne4 16. Nxe4 dxe4 17. Bxe4 Bxe4 18. Qxe4 Bxh4 19. Qxh4 Qxh4 20. Nxh4 Nxa2
21. bxc4 Rfc8 22. c5 bxc5 23. Nf5 1/2-1/2

[Event "TOP 16 Higher pool"]
[Site "BELFORT"]
[Date "????.??.??"]
[Round "8.27"]
[White "Girel, Joseph"]
[Black "Kamsky, Gata"]
[Result "0-1"]
[WhiteElo "2498"]
[BlackElo "2606"]
[PlyCount "112"]
[EventDate "2025.05.??"]
[WhiteTeam "MARSEILLE"]
[BlackTeam "CHARTRES"]
[WhiteTeamCountry "FRA"]
[BlackTeamCountry "FRA"]

1. e4 e5 2. Nf3 Nc6 3. d4 exd4 4. Nxd4 Bc5 5. Nb3 Bb6 6. Qe2 Nge7 7. Nc3 O-O 8.
Be3 f5 9. Bxb6 axb6 10. O-O-O d6 11. f4 fxe4 12. Qxe4 Kh8 13. a3 Bg4 14. Be2
Bxe2 15. Nxe2 d5 16. Qd3 Qd7 17. g3 Nd8 18. Nc3 c6 19. Rhe1 Nf7 20. Nd4 Rfe8
21. Ne6 Ng6 22. f5 Nf8 23. Qe3 Nd6 24. Nxf8 Rxf8 25. g4 b5 26. Qd4 Rae8 27. b3
Qd8 28. Kb2 Qf6 29. Qxf6 gxf6 30. h3 h5 31. Ne2 Rg8 32. gxh5 Nxf5 33. Nf4 Ne3
34. Rc1 Kh7 35. Rg1 Rg5 36. Rce1 d4 37. h4 Rf5 38. Nd3 Rxh5 39. Rgf1 f5 40. Rf4
Re4 41. Rh1 c5 42. Rf3 Rexh4 43. Rxh4 Rxh4 44. Nxc5 Rh2 45. Ne6 Rxc2+ 46. Kb1
Rd2 47. Rf4 d3 48. Rd4 Rd1+ 49. Kb2 d2 50. Ng5+ Kg6 51. Nf3 Nf1 52. Rd5 Kh5 53.
Rd4 f4 54. Rd7 Kg4 55. Ne5+ Kg3 56. Rd3+ Kf2 0-1

[Event "TOP 16 Higher pool"]
[Site "BELFORT"]
[Date "????.??.??"]
[Round "8.28"]
[White "Dardha, Daniel"]
[Black "Albornoz Cabrera, Carlos Daniel"]
[Result "1/2-1/2"]
[WhiteElo "2651"]
[BlackElo "2548"]
[PlyCount "71"]
[EventDate "2025.05.??"]
[WhiteTeam "CHARTRES"]
[BlackTeam "MARSEILLE"]
[WhiteTeamCountry "FRA"]
[BlackTeamCountry "FRA"]

1. d4 Nf6 2. c4 e6 3. g3 d5 4. Bg2 Be7 5. Nf3 O-O 6. Nc3 dxc4 7. Ne5 Qd6 8. O-O
Qa6 9. a4 Nc6 10. Nb5 Nxe5 11. dxe5 Rd8 12. exf6 Rxd1 13. Rxd1 Bd6 14. Bf4 Qa5
15. Nxd6 cxd6 16. Rxd6 gxf6 17. Bh6 e5 18. Rad1 Be6 19. Bxb7 Rb8 20. h4 Qc7 21.
Bg2 Kh8 22. Kh2 Rg8 23. Bh3 Bxh3 24. Kxh3 f5 25. Bg5 Rxg5 26. hxg5 c3 27. bxc3
Qc4 28. e3 Qxa4 29. Kg2 Qe4+ 30. Kg1 f4 31. exf4 exf4 32. R6d4 Qe2 33. gxf4
Qg4+ 34. Kh2 Qh4+ 35. Kg2 Qg4+ 36. Kh2 1/2-1/2

[Event "TOP 16 Higher pool"]
[Site "BELFORT"]
[Date "????.??.??"]
[Round "8.29"]
[White "Degraeve, Remy"]
[Black "Maurizzi, Marc`Andria"]
[Result "0-1"]
[WhiteElo "2403"]
[BlackElo "2607"]
[PlyCount "50"]
[EventDate "2025.05.??"]
[WhiteTeam "MARSEILLE"]
[BlackTeam "CHARTRES"]
[WhiteTeamCountry "FRA"]
[BlackTeamCountry "FRA"]

1. e4 c6 2. Nf3 d5 3. d3 g6 4. e5 Bg7 5. d4 f6 6. Be2 fxe5 7. Nxe5 Nf6 8. Nd2
O-O 9. O-O c5 10. dxc5 Qc7 11. Ndf3 Qxc5 12. c4 Nc6 13. cxd5 Nxd5 14. Nxc6 bxc6
15. Qa4 Rb8 16. a3 Bf5 17. Qh4 Bxb2 18. Ng5 h5 19. Bxb2 Rxb2 20. Bf3 e5 21.
Rac1 Qd4 22. Ne4 Nf4 23. Rfd1 Qb6 24. Nf6+ Rxf6 25. Qxf6 Nh3+ 0-1

[Event "TOP 16 Higher pool"]
[Site "BELFORT"]
[Date "????.??.??"]
[Round "8.30"]
[White "Bauer, Christian"]
[Black "Lamaze, Simon"]
[Result "0-1"]
[WhiteElo "2561"]
[BlackElo "2424"]
[PlyCount "130"]
[EventDate "2025.05.??"]
[WhiteTeam "CHARTRES"]
[BlackTeam "MARSEILLE"]
[WhiteTeamCountry "FRA"]
[BlackTeamCountry "FRA"]

1. e4 c5 2. Nf3 e6 3. g3 Nc6 4. Bg2 Nf6 5. d3 d6 6. O-O Be7 7. c3 O-O 8. Re1
Bd7 9. a3 Rc8 10. b4 b5 11. Nbd2 Qb6 12. Rb1 a5 13. bxc5 Qxc5 14. d4 Qa7 15.
Bf1 e5 16. Bxb5 exd4 17. cxd4 Nxd4 18. Nxd4 Qxd4 19. Bb2 Qa7 20. Bxd7 Nxd7 21.
Nf1 Bf6 22. Ne3 Bxb2 23. Rxb2 Ne5 24. Kg2 Rc3 25. Rb3 Qc5 26. Nd5 Rc2 27. Ree3
Rc1 28. Qe2 Rc2 29. Qd1 Rc1 30. Qe2 Rc2 31. Qh5 Qd4 32. g4 Re8 33. h3 Qd1 34.
Nc3 Rxf2+ 35. Kxf2 Qxb3 36. Nd5 Qc2+ 37. Kg3 Qc1 38. Kg2 Ng6 39. Kf2 Re5 40. g5
h6 41. h4 Qh1 42. Qg4 Qh2+ 43. Kf1 Qxh4 44. Qxh4 Nxh4 45. gxh6 Nf5 46. Rb3 Nxh6
47. Rb5 Rxe4 48. Rxa5 Ng4 49. Nc3 Rf4+ 50. Ke1 f5 51. Ne2 Rf3 52. Nd4 Re3+ 53.
Kd2 g6 54. Ra6 Kg7 55. a4 Ra3 56. a5 Ne5 57. Ke2 Ra2+ 58. Kf1 Nc4 59. Ra7+ Kf6
60. a6 Ne3+ 61. Kg1 Ke5 62. Nb5 Kf4 63. Nc3 Rc2 64. Rc7 Kf3 65. Nb5 Ra2 0-1

[Event "TOP 16 Higher pool"]
[Site "BELFORT"]
[Date "????.??.??"]
[Round "8.31"]
[White "Zienkiewicz, Jan"]
[Black "Lagarde, Maxime"]
[Result "0-1"]
[WhiteElo "2362"]
[BlackElo "2622"]
[PlyCount "112"]
[EventDate "2025.05.??"]
[WhiteTeam "MARSEILLE"]
[BlackTeam "CHARTRES"]
[WhiteTeamCountry "FRA"]
[BlackTeamCountry "FRA"]

1. e4 c5 2. Nf3 Nc6 3. d4 cxd4 4. Nxd4 Nf6 5. Nc3 e5 6. Ndb5 d6 7. Nd5 Nxd5 8.
exd5 Ne7 9. c4 Ng6 10. Qa4 Bd7 11. Qb4 Qb8 12. h4 h5 13. Be3 a6 14. Nc3 Be7 15.
Na4 Qc7 16. Bb6 Qc8 17. Be3 Bxa4 18. Qxa4+ Qd7 19. Qxd7+ Kxd7 20. g3 f5 21. Bh3
Rhf8 22. O-O Rae8 23. b4 Kc7 24. c5 f4 25. cxd6+ Bxd6 26. Rac1+ Kb8 27. Bc5 Rd8
28. Be6 e4 29. Bxd6+ Rxd6 30. Kg2 Ne5 31. Rce1 Nf3 32. Rxe4 Nd2 33. Rfe1 Nxe4
34. Rxe4 fxg3 35. Kxg3 Rdd8 36. Rc4 Rf6 37. a4 b5 38. axb5 axb5 39. Rc5 Rdf8
40. Rxb5+ Kc7 41. Rc5+ Kd6 42. Rc2 Rg6+ 43. Kh3 Rf3+ 44. Kh2 Rf4 45. Kh3 Rxb4
46. Rc3 Rf6 47. Rg3 g6 48. Bg8 Ke7 49. Re3+ Kf8 50. Be6 Rxf2 51. d6 Rd2 52.
Rf3+ Kg7 53. d7 Re4 54. Bb3 Rxd7 55. Bc2 Rc4 56. Bb1 Rdd4 0-1

[Event "TOP 16 Higher pool"]
[Site "BELFORT"]
[Date "????.??.??"]
[Round "8.32"]
[White "Daulyte-Cornette, Deimante"]
[Black "Cornileau, Juliette"]
[Result "1-0"]
[WhiteElo "2396"]
[BlackElo "2076"]
[PlyCount "103"]
[EventDate "2025.05.??"]
[WhiteTeam "CHARTRES"]
[BlackTeam "MARSEILLE"]
[WhiteTeamCountry "FRA"]
[BlackTeamCountry "FRA"]

1. e4 c5 2. Nf3 d6 3. Bb5+ Nd7 4. O-O a6 5. Bxd7+ Bxd7 6. c3 Nf6 7. Re1 e5 8.
d4 Qc7 9. dxe5 dxe5 10. c4 h6 11. Nc3 Bd6 12. b3 O-O 13. Qe2 Rad8 14. Bb2 Qb8
15. a4 Bc7 16. Red1 Bg4 17. h3 Bh5 18. g4 Bg6 19. Nd5 Nxd5 20. cxd5 b5 21. axb5
Qxb5 22. Qc2 Rfe8 23. Ra4 Rb8 24. Rd3 Bd6 25. Nd2 h5 26. f3 Rbd8 27. Nc4 Qb7
28. Nxd6 Rxd6 29. Ba3 Red8 30. Qxc5 Rb6 31. Rb4 Rxb4 32. Qxb4 Qa7+ 33. Qc5 Qb7
34. Rc3 hxg4 35. hxg4 Qd7 36. Qe7 f6 37. Qxd7 Rxd7 38. Rc8+ Kh7 39. Bc5 a5 40.
Rb8 Rc7 41. Rb5 a4 42. d6 Rd7 43. bxa4 Bf7 44. a5 Bc4 45. Rb4 Bd3 46. Rb8 Kg6
47. Ra8 Rb7 48. a6 Rb1+ 49. Kg2 Rb2+ 50. Bf2 Bb5 51. a7 Bc6 52. Rc8 1-0

[Event "TOP 16 Higher pool"]
[Site "BELFORT"]
[Date "????.??.??"]
[Round "9.1"]
[White "Mamedov, Rauf"]
[Black "Pranav, V."]
[Result "1-0"]
[WhiteElo "2657"]
[BlackElo "2621"]
[PlyCount "103"]
[EventDate "2025.05.??"]
[WhiteTeam "CHARTRES"]
[BlackTeam "GRASSE"]
[WhiteTeamCountry "FRA"]
[BlackTeamCountry "FRA"]

1. e4 e5 2. Nf3 Nc6 3. Bc4 Nf6 4. d3 Be7 5. Nc3 d6 6. a4 O-O 7. O-O Bg4 8. h3
Bxf3 9. Qxf3 Nd4 10. Qd1 c6 11. Ba2 Ne6 12. Be3 Qc7 13. Qf3 Rad8 14. Rae1 a6
15. h4 b5 16. axb5 axb5 17. Ne2 d5 18. h5 Rfe8 19. Bb3 Qd7 20. h6 g6 21. Ra1
Ra8 22. exd5 cxd5 23. d4 exd4 24. Rxa8 Rxa8 25. Nxd4 Nc5 26. Rd1 Rd8 27. Bg5
Nce4 28. Bxf6 Nxf6 29. Re1 Re8 30. g3 Kf8 31. Kg2 b4 32. Ra1 Qd6 33. Re1 Bd8
34. Rxe8+ Kxe8 35. Ne2 Qe5 36. Nf4 Qe4 37. Bxd5 Qxc2 38. Nd3 Qc7 39. Nxb4 Qd6
40. Qb3 Be7 41. Bxf7+ Kf8 42. Nd3 Ng4 43. Bd5 Nxh6 44. Nf4 Qb4 45. Qe3 Qd6 46.
Qc3 Bf6 47. Qc8+ Ke7 48. Be6 Qd4 49. Nd5+ Kd6 50. Nxf6 Qxf6 51. Qd7+ Kc5 52.
Qd5+ 1-0

[Event "TOP 16 Higher pool"]
[Site "BELFORT"]
[Date "????.??.??"]
[Round "9.2"]
[White "Sochacki, Christophe"]
[Black "Ivanchuk, Vasyl"]
[Result "0-1"]
[WhiteElo "2458"]
[BlackElo "2644"]
[PlyCount "130"]
[EventDate "2025.05.??"]
[WhiteTeam "GRASSE"]
[BlackTeam "CHARTRES"]
[WhiteTeamCountry "FRA"]
[BlackTeamCountry "FRA"]

1. e4 c5 2. Nc3 Nc6 3. Nf3 Nf6 4. Bb5 g6 5. e5 Ng4 6. Bxc6 dxc6 7. h3 Nh6 8. d3
Nf5 9. O-O Bg7 10. Ne4 b6 11. Re1 O-O 12. c3 Ba6 13. d4 cxd4 14. g4 Nh6 15.
Qxd4 c5 16. Qa4 Qd3 17. Bg5 Nxg4 18. hxg4 Qxf3 19. Qxa6 Qxg4+ 20. Kf1 Qh3+ 21.
Ke2 Qg4+ 22. f3 Qg2+ 23. Ke3 Bxe5 24. Qe2 Qh3 25. Rh1 Qf5 26. Bh6 Rfd8 27. Rag1
Rd5 28. Rd1 e6 29. Kf2 Rad8 30. Bg5 f6 31. Be3 g5 32. Kg2 g4 33. Rxd5 Rxd5 34.
Bc1 h5 35. fxg4 Qxg4+ 36. Kf2 Kf7 37. Qxg4 hxg4 38. Rh7+ Kg6 39. Rxa7 f5 40.
Nd2 Bf4 41. Ke2 g3 42. Ra8 Kf7 43. Ra7+ Kg6 44. Ra8 Kg7 45. Ra7+ Kh6 46. c4 Rd8
47. Re7 g2 48. Rxe6+ Kh5 49. Nf3 Bxc1 50. Kf2 Rg8 51. Re5 Kg4 52. Kxg2 Bxb2 53.
Re6 Kf4+ 54. Kf2 Ra8 55. Rh6 Bf6 56. Rxf6 Rxa2+ 57. Kf1 Kxf3 58. Rxf5+ Ke3 59.
Rd5 Rc2 60. Rd6 Rc1+ 61. Kg2 Rxc4 62. Rxb6 Rf4 63. Rc6 Kd4 64. Kg3 Rf1 65. Kg2
Rf5 0-1

[Event "TOP 16 Higher pool"]
[Site "BELFORT"]
[Date "????.??.??"]
[Round "9.3"]
[White "Maurizzi, Marc`Andria"]
[Black "Wirig, Anthony"]
[Result "1-0"]
[WhiteElo "2607"]
[BlackElo "2438"]
[PlyCount "81"]
[EventDate "2025.05.??"]
[WhiteTeam "CHARTRES"]
[BlackTeam "GRASSE"]
[WhiteTeamCountry "FRA"]
[BlackTeamCountry "FRA"]

1. e4 c5 2. Nf3 a6 3. g3 d6 4. Bg2 g6 5. O-O Bg7 6. d4 cxd4 7. Nxd4 Nf6 8. Nc3
O-O 9. h3 Nc6 10. Be3 Bd7 11. Nde2 b5 12. Nd5 Rb8 13. b3 b4 14. Qd2 e6 15. Ndf4
Qa5 16. a3 d5 17. exd5 Nxd5 18. Nxd5 exd5 19. axb4 Qxb4 20. Rxa6 Qxd2 21. Bxd2
Rfe8 22. Nf4 Nd4 23. Bxd5 g5 24. Nh5 Bxh3 25. Nxg7 Red8 26. Bg2 Ne2+ 27. Kh2
Bxg2 28. Kxg2 Rxd2 29. Nf5 Rxc2 30. Rd1 Rc5 31. Rf6 Nc3 32. Nh6+ Kh8 33. Rd7
Rf8 34. Nxf7+ Kg7 35. Rf3 Rd5 36. Nxg5+ Rxd7 37. Ne6+ Kh6 38. Nxf8 Rc7 39. Ne6
Rc8 40. Rf6+ Kh5 41. f3 1-0

[Event "TOP 16 Higher pool"]
[Site "BELFORT"]
[Date "????.??.??"]
[Round "9.4"]
[White "Demuth, Adrien"]
[Black "Lagarde, Maxime"]
[Result "1/2-1/2"]
[WhiteElo "2524"]
[BlackElo "2622"]
[PlyCount "41"]
[EventDate "2025.05.??"]
[WhiteTeam "GRASSE"]
[BlackTeam "CHARTRES"]
[WhiteTeamCountry "FRA"]
[BlackTeamCountry "FRA"]

1. d4 Nf6 2. c4 c5 3. d5 e6 4. Nc3 exd5 5. cxd5 d6 6. e4 g6 7. h3 Bg7 8. Nf3
O-O 9. Bd3 b5 10. Bxb5 Nxe4 11. Nxe4 Qa5+ 12. Nfd2 Qxb5 13. Nxd6 Qa6 14. N2c4
Nd7 15. O-O Ne5 16. Nxc8 Raxc8 17. Nxe5 Bxe5 18. Bg5 Bxb2 19. Rb1 Bf6 20. Bxf6
Qxf6 21. Qa4 1/2-1/2

[Event "TOP 16 Higher pool"]
[Site "BELFORT"]
[Date "????.??.??"]
[Round "9.5"]
[White "Fressinet, Laurent"]
[Black "Loiseau, Quentin"]
[Result "1-0"]
[WhiteElo "2593"]
[BlackElo "2400"]
[PlyCount "117"]
[EventDate "2025.05.??"]
[WhiteTeam "CHARTRES"]
[BlackTeam "GRASSE"]
[WhiteTeamCountry "FRA"]
[BlackTeamCountry "FRA"]

1. d4 e6 2. c4 d5 3. Nc3 Bb4 4. e3 Nf6 5. Bd2 O-O 6. Nf3 b6 7. Rc1 Bb7 8. cxd5
Bxc3 9. Bxc3 Qxd5 10. Bb4 Rc8 11. Bc4 Qh5 12. Qe2 a5 13. Bc3 Ne4 14. O-O Nd7
15. Nd2 Qxe2 16. Bxe2 Nxd2 17. Bxd2 c5 18. dxc5 Nxc5 19. f3 Bd5 20. a3 Nb3 21.
Rxc8+ Rxc8 22. Bc3 Bc4 23. Bxc4 Rxc4 24. Rd1 h5 25. Rd6 b5 26. Rb6 Rc5 27. e4
e5 28. Kf2 f6 29. Ke3 Kf7 30. g3 g5 31. h4 gxh4 32. gxh4 Kg7 33. f4 Kf7 34.
Rb7+ Kg8 35. fxe5 fxe5 36. Rb6 Kf7 37. Rh6 Nd4 38. Bxd4 exd4+ 39. Kd3 b4 40.
axb4 axb4 41. Rh7+ Ke6 42. Rb7 Rc1 43. Kxd4 Rd1+ 44. Kc4 Rh1 45. Rb6+ Kd7 46.
Kd5 Rxh4 47. Rb7+ Ke8 48. Rxb4 Rg4 49. Rb8+ Kf7 50. e5 h4 51. Rb7+ Kf8 52. Rb3
Rg3 53. Rb8+ Ke7 54. Rb7+ Kf8 55. b4 h3 56. Rh7 Rb3 57. Kc4 Re3 58. b5 Kg8 59.
Rh5 1-0

[Event "TOP 16 Higher pool"]
[Site "BELFORT"]
[Date "????.??.??"]
[Round "9.6"]
[White "Barbot, Pierre"]
[Black "Dardha, Daniel"]
[Result "1/2-1/2"]
[WhiteElo "2454"]
[BlackElo "2651"]
[PlyCount "122"]
[EventDate "2025.05.??"]
[WhiteTeam "GRASSE"]
[BlackTeam "CHARTRES"]
[WhiteTeamCountry "FRA"]
[BlackTeamCountry "FRA"]

1. d4 d5 2. c4 e6 3. Nf3 c6 4. e3 Nf6 5. Nc3 Nbd7 6. Be2 Bd6 7. O-O O-O 8. b3
b6 9. Bb2 Bb7 10. Bd3 Re8 11. Re1 c5 12. cxd5 exd5 13. Rc1 a6 14. Ne2 Qe7 15.
Ng3 g6 16. Rc2 Rac8 17. Qe2 b5 18. dxc5 Nxc5 19. Rec1 Nfe4 20. Qd1 Rcd8 21. Bf1
Ne6 22. Nd4 Qh4 23. Nxe6 Rxe6 24. Rc7 Bxc7 25. Rxc7 d4 26. Bxd4 Ba8 27. a4 Nf6
28. Qa1 Bd5 29. axb5 axb5 30. Qc3 Ne8 31. Rc5 b4 32. Qxb4 Qe7 33. Qc3 Qb7 34.
b4 Rc6 35. h4 Rxc5 36. Bxc5 f6 37. h5 Kf7 38. e4 Be6 39. Qe3 g5 40. f4 gxf4 41.
Qxf4 Kg8 42. Nf5 Bxf5 43. exf5 Kh8 44. h6 Rd1 45. Kf2 Qd7 46. Be2 Rh1 47. g4
Qc7 48. Qxc7 Nxc7 49. g5 Rh2+ 50. Ke1 Nd5 51. Bc4 Nxb4 52. Bxb4 Rh4 53. gxf6
Rxc4 54. f7 Re4+ 55. Kd2 Rd4+ 56. Ke3 Re4+ 57. Kf3 Rf4+ 58. Ke2 Re4+ 59. Kd3
Rd4+ 60. Kc2 Rc4+ 61. Bc3+ Rxc3+ 1/2-1/2

[Event "TOP 16 Higher pool"]
[Site "BELFORT"]
[Date "????.??.??"]
[Round "9.7"]
[White "Razafindratsima, Timothe"]
[Black "Milliet, Sophie"]
[Result "1-0"]
[WhiteElo "2465"]
[BlackElo "2364"]
[PlyCount "139"]
[EventDate "2025.05.??"]
[WhiteTeam "CHARTRES"]
[BlackTeam "GRASSE"]
[WhiteTeamCountry "FRA"]
[BlackTeamCountry "FRA"]

1. e4 e5 2. Nf3 Nc6 3. Bc4 Nf6 4. d3 Bc5 5. c3 d6 6. O-O Bb6 7. a4 a5 8. Bg5 h6
9. Be3 Bxe3 10. fxe3 Be6 11. Nbd2 Bxc4 12. Nxc4 O-O 13. Qe2 Re8 14. Rad1 Qd7
15. Nh4 Re6 16. Nf5 Ne7 17. b3 b6 18. Ng3 Ng6 19. Qc2 Rae8 20. Kh1 Qc6 21. Ra1
Rd8 22. Rad1 Rde8 23. Rd2 Rd8 24. b4 axb4 25. cxb4 d5 26. b5 Qc5 27. exd5 Rxd5
28. Rdf2 Rd7 29. Rf5 Qe7 30. h3 Qd8 31. a5 bxa5 32. Nxa5 Nh4 33. Nc6 Nxf5 34.
Nxf5 Qf8 35. e4 Nh5 36. Rf3 g6 37. Ne3 Nf4 38. Ng4 Qa3 39. Ncxe5 Rxe5 40. Nf6+
Kg7 41. Nxd7 Re7 42. Qc5 Qa1+ 43. Kh2 Ne2 44. Nf6 Qe5+ 45. Qxe5 Rxe5 46. Nd5
Nd4 47. Rf1 Nxb5 48. Rc1 Re6 49. Nxc7 Nxc7 50. Rxc7 Rd6 51. Rc3 Kf6 52. Kg3 Ke5
53. Kf3 Kd4 54. Rc7 f5 55. exf5 gxf5 56. Kf4 Kxd3 57. Kxf5 Rd5+ 58. Kf4 Rd4+
59. Ke5 Rh4 60. Rf7 Ke2 61. Rf4 Rh5+ 62. Kf6 Rg5 63. g4 Rg8 64. Kf7 Ra8 65. Kg6
Ra3 66. h4 Ke3 67. Rb4 Ra6+ 68. Kh5 Kf3 69. g5 hxg5 70. hxg5 1-0

[Event "TOP 16 Higher pool"]
[Site "BELFORT"]
[Date "????.??.??"]
[Round "9.8"]
[White "Forestier, Carole"]
[Black "Daulyte-Cornette, Deimante"]
[Result "0-1"]
[WhiteElo "2018"]
[BlackElo "2396"]
[PlyCount "40"]
[EventDate "2025.05.??"]
[WhiteTeam "GRASSE"]
[BlackTeam "CHARTRES"]
[WhiteTeamCountry "FRA"]
[BlackTeamCountry "FRA"]

1. d4 d5 2. Bg5 h6 3. Bh4 g6 4. e3 Bg7 5. Bd3 Nf6 6. f4 c5 7. c3 Qb6 8. Bxf6
Bxf6 9. Nf3 Qxb2 10. O-O c4 11. Qc2 Qxa1 12. Bxg6 fxg6 13. Qxg6+ Kd8 14. Qc2
Bd7 15. Ne5 Bxe5 16. fxe5 Nc6 17. Nd2 Bf5 18. Qxf5 Qxc3 19. Nf3 Qxe3+ 20. Kh1
Qd3 0-1

[Event "TOP 16 Higher pool"]
[Site "BELFORT"]
[Date "????.??.??"]
[Round "9.9"]
[White "Puranik, Abhimanyu"]
[Black "Laurent-Paoli, Pierre"]
[Result "1/2-1/2"]
[WhiteElo "2624"]
[BlackElo "2544"]
[PlyCount "55"]
[EventDate "2025.05.??"]
[WhiteTeam "MULHOUSE"]
[BlackTeam "MARSEILLE"]
[WhiteTeamCountry "FRA"]
[BlackTeamCountry "FRA"]

1. d4 Nf6 2. c4 e6 3. Nc3 Bb4 4. e3 O-O 5. Bd3 d5 6. a3 Bxc3+ 7. bxc3 dxc4 8.
Bxc4 c5 9. Ne2 Qc7 10. Bd3 Nc6 11. O-O e5 12. Ng3 Rd8 13. Nh5 Nxh5 14. Qxh5 h6
15. Rb1 Qe7 16. f4 e4 17. Be2 b6 18. a4 cxd4 19. cxd4 f5 20. d5 Na5 21. Rd1 Bd7
22. Rd4 Qf7 23. Ba3 Qxh5 24. Bxh5 Rdc8 25. Bb4 Nc4 26. Kf2 Bxa4 27. Be2 Bc2 28.
Ra1 1/2-1/2

[Event "TOP 16 Higher pool"]
[Site "BELFORT"]
[Date "????.??.??"]
[Round "9.10"]
[White "Suleymanli, Aydin"]
[Black "Edouard, Romain"]
[Result "1/2-1/2"]
[WhiteElo "2617"]
[BlackElo "2538"]
[PlyCount "44"]
[EventDate "2025.05.??"]
[WhiteTeam "MARSEILLE"]
[BlackTeam "MULHOUSE"]
[WhiteTeamCountry "FRA"]
[BlackTeamCountry "FRA"]

1. e4 c5 2. Nf3 Nc6 3. Bb5 e6 4. Bxc6 bxc6 5. d3 Qc7 6. O-O Ne7 7. h4 e5 8. h5
d6 9. Nh2 h6 10. f4 exf4 11. Bxf4 g5 12. Bd2 Bg7 13. Bc3 O-O 14. Bxg7 Kxg7 15.
Qd2 Be6 16. Qc3+ Kh7 17. Nd2 f5 18. Rae1 Qd7 19. Nc4 f4 20. e5 d5 21. Nd6 g4
22. Qxc5 f3 1/2-1/2

[Event "TOP 16 Higher pool"]
[Site "BELFORT"]
[Date "????.??.??"]
[Round "9.11"]
[White "Rakotomaharo, Fy Antenaina"]
[Black "Sankalp Gupta"]
[Result "0-1"]
[WhiteElo "2441"]
[BlackElo "2559"]
[PlyCount "90"]
[EventDate "2025.05.??"]
[WhiteTeam "MULHOUSE"]
[BlackTeam "MARSEILLE"]
[WhiteTeamCountry "FRA"]
[BlackTeamCountry "FRA"]

1. e4 e6 2. d4 d5 3. e5 c5 4. c3 Nc6 5. Nf3 Bd7 6. Be2 Nge7 7. Na3 cxd4 8. cxd4
Nf5 9. Nc2 Be7 10. O-O O-O 11. Bd2 Be8 12. b4 Qb6 13. Kh1 a5 14. bxa5 Nxa5 15.
g4 Nh6 16. Bxh6 gxh6 17. Qd2 f6 18. Bd3 Kg7 19. Rab1 Qc7 20. Qf4 Rc8 21. Qg3
Nc4 22. exf6+ Bxf6 23. g5 hxg5 24. Nxg5 Bxg5 25. Qxg5+ Bg6 26. Ne3 Nd2 27. Nf5+
Rxf5 28. Qxd2 Rh5 29. f4 Bxd3 30. Qxd3 Qc2 31. Rg1+ Kf6 32. Qxc2 Rxc2 33. Rg2
Rc4 34. Rxb7 Rxd4 35. Rgg7 Rxf4 36. Rxh7 Rxh7 37. Rxh7 Ra4 38. Kg2 Rxa2+ 39.
Kf3 e5 40. h4 e4+ 41. Kg4 e3 42. Kf3 d4 43. Rd7 Rf2+ 44. Kg3 Rd2 45. h5 e2 0-1

[Event "TOP 16 Higher pool"]
[Site "BELFORT"]
[Date "????.??.??"]
[Round "9.12"]
[White "Albornoz Cabrera, Carlos Daniel"]
[Black "Riff, Jean-Noel"]
[Result "1-0"]
[WhiteElo "2548"]
[BlackElo "2387"]
[PlyCount "159"]
[EventDate "2025.05.??"]
[WhiteTeam "MARSEILLE"]
[BlackTeam "MULHOUSE"]
[WhiteTeamCountry "FRA"]
[BlackTeamCountry "FRA"]

1. e4 e5 2. Nf3 Nc6 3. Bb5 a6 4. Ba4 Nf6 5. O-O Be7 6. Re1 b5 7. Bb3 d6 8. c3
O-O 9. h3 Bb7 10. d4 Re8 11. Nbd2 Bf8 12. a4 exd4 13. cxd4 h6 14. Bc2 Nb4 15.
Bb1 c5 16. d5 Nd7 17. Ra3 c4 18. Ree3 g6 19. axb5 axb5 20. b3 c3 21. Rxc3 Bg7
22. Rxa8 Qxa8 23. Bb2 Na2 24. Rc7 Bxb2 25. Qc2 Bf6 26. Rxd7 Nc3 27. e5 Rc8 28.
Qd3 dxe5 29. Rxf7 Ne2+ 30. Qxe2 Kxf7 31. Nxe5+ Bxe5 32. Qxe5 Bxd5 33. Be4 Bc6
34. Qf4+ Kg7 35. Qe5+ Kf7 36. h4 Qb7 37. h5 gxh5 38. Qxh5+ Ke7 39. Qh4+ Kd6 40.
Qf4+ Kc5 41. Qe3+ Kd6 42. Qxh6+ Kc7 43. Qf4+ Kb6 44. Qe3+ Ka6 45. b4 Qe7 46.
Bf5 Re8 47. Bc8+ Bb7 48. Qa3+ Kb6 49. Qa5+ Kc6 50. Bg4 Qe1+ 51. Nf1 Rf8 52.
Bf3+ Rxf3 53. gxf3 Qd1 54. Qa3 Kd7 55. Kg2 Qd4 56. Ng3 Bc6 57. Qb3 Bd5 58. Qb1
Bc6 59. Qf5+ Kc7 60. Qf8 Qd6 61. Qg7+ Kb6 62. Qc3 Qg6 63. Qc5+ Kb7 64. Qe7+ Ka6
65. Qf8 Kb7 66. Qf4 Bd5 67. Qf5 Qg8 68. Kf1 Bc4+ 69. Ke1 Qg7 70. Qe4+ Ka7 71.
Qe3+ Kb7 72. Qa3 Kb8 73. Ne4 Bd5 74. Qc3 Qg1+ 75. Ke2 Bc4+ 76. Ke3 Qf1 77. Qd2
Qb1 78. Nc5 Qh7 79. Qd8+ Ka7 80. Qd7+ 1-0

[Event "TOP 16 Higher pool"]
[Site "BELFORT"]
[Date "????.??.??"]
[Round "9.13"]
[White "Papadiamandis, Elliot"]
[Black "Lamaze, Simon"]
[Result "0-1"]
[WhiteElo "2316"]
[BlackElo "2424"]
[PlyCount "84"]
[EventDate "2025.05.??"]
[WhiteTeam "MULHOUSE"]
[BlackTeam "MARSEILLE"]
[WhiteTeamCountry "FRA"]
[BlackTeamCountry "FRA"]

1. e4 c5 2. Nc3 d6 3. Nf3 Nf6 4. d4 cxd4 5. Nxd4 Bd7 6. Bg5 e6 7. Bxf6 Qxf6 8.
Ndb5 Bxb5 9. Bxb5+ Nc6 10. O-O Be7 11. Qh5 O-O 12. Rad1 Rfc8 13. f4 g6 14. Qh3
Nd4 15. Bd3 Qg7 16. Rd2 Bf6 17. Rdf2 Nc6 18. Nb5 Bd4 19. Nxd4 Qxd4 20. c3 Qf6
21. Bb5 Ne7 22. e5 Qg7 23. exd6 Nf5 24. Rd1 Rc5 25. c4 a6 26. b4 Rcc8 27. d7
Rd8 28. Ba4 a5 29. b5 b6 30. Qf3 Ra7 31. Qc6 Nd4 32. Qxb6 Raxd7 33. Rdf1 Qf8
34. Qxa5 Ra8 35. Qb6 Rxa4 36. c5 Rd5 37. Rc1 Rb4 38. a4 Rxa4 39. Rb2 Qa8 40. c6
Rc4 41. Rcb1 Qa3 42. Kf2 Qd3 0-1